| 000 | nam a22 7a 4500 | ||
|---|---|---|---|
| 999 |
_c9053 _d9053 |
||
| 005 | 20220106030058.0 | ||
| 008 | 220106b xxu||||| |||| 00| 0 eng d | ||
| 020 |
_a9781509818426 _bhard bound |
||
| 040 |
_beng _cAPEC Schools Library _erda |
||
| 082 |
_aC 363.1 _bC339c 2017 |
||
| 100 | _aCasner, Steve | ||
| 245 |
_aCareful! / _cSteve Casner |
||
| 264 |
_aNew York ; _bPenguin Random House, LLC, _c©2017. |
||
| 300 | _a326 pages. | ||
| 336 |
_2rdacontent _atext |
||
| 337 |
_2rdamedia _aunmediated |
||
| 338 |
_2rdacarrier _avolume |
||
| 504 | _aIncludes index. | ||
| 650 |
_aTechnology _vSocial aspects. |
||
| 942 |
_2ddc _cNFIC |
||